| 000 | 00000nam##2200000za#4500 |
| 001 | 9.591484 |
| 003 | CaOODSP |
| 005 | 20250403104954 |
| 007 | cr ||||||||||| |
| 008 | 150406|2004||||xxc|||||o f|0| 0 fre|d |
| 020 | |a0-662-89991-1 |
| 022 | |a1205-9161 |
| 040 | |aCaOODSP|bfre |
| 043 | |an-cn--- |
| 086 | 1 |aCS11-0019/208F-PDF |
| 245 | 00|aLes anticipations concernant l'investissement sont-elles rationnelles? / |h[ressource électronique]|cpar Chetan Dave. |
| 260 | |aOttawa - Ontario : |bStatistique Canada |cDécembre 2004. |
| 300 | |a25p.|bgraphiques, références, tableaux |
| 490 | 1 |aDocuments de recherche - Direction des études analytiques|x1205-9161|vN° 208 |
| 590 | |a12-34-Supp|b2012-07-31 |
| 691 | 07|aInvestissement privé|2gcpds |
| 710 | 2 |aStatistique Canada. |
| 720 | 1 |aDave, Chetan |
| 775 | 08|tAre investment expectations rational? / |w(CaOODSP)9.558643 |
| 830 | #0|aDocuments de recherche (Statistique Canada. Direction des études analytiques)|x1205-9161|vN° 208|w(CaOODSP)9.500842 |
| 856 | 40|ahttp://publications.gc.ca|qPDF|s642 Ko|uhttps://publications.gc.ca/collections/collection_2012/statcan/11f0019m/11f0019m2004208-fra.pdf|yN° 208 |